000 00613cab a2200205 4500
001 ABS37273
008 090401t1987 xxu||||| |||| 00| 0 eng d
035 _a(Sirsi) u3413
041 _aeng
100 _aChappell, D.
245 _aNominating
260 _c1987
350 _a0
490 _aBuilding Trades Journal
_v193(5687) 8 January 1987, 13-14(2)
520 _aDiscusses procedure for nominating subcontractors under various forms of building contract , and some of the problems.
650 _aNOMINATION
690 _aBUILT ENVIRONMENT-BUILDING CONTRACT FORMS
942 _n0
948 _c04/03/1997
999 _c2095
_d2095